000 01323cam a22003614a 4500
999 _c6584
_d6584
001 12149253
003 OSt
005 20200205105341.0
008 000821s2001 enka b 001 0 eng
010 _a 00062757
015 _aGBA1-27002
020 _a0415240034 (alk. paper)
020 _a0415238676 (pbk.)
035 _a(OCoLC)ocm44868963
040 _aDLC
_cDLC
_dUKM
_dC#P
_dNLGGC
_dBAKER
_dDLC
042 _apcc
050 0 0 _aLB1028.3
_b.I89 2001
082 0 0 _a371.33
_bISS 2001
245 0 0 _aIssues in teaching using ICT /
_cedited by Marilyn Leask.
260 _aLondon ;
_aNew York :
_bRoutledge/Falmer,
_c2001.
300 _axxii, 239 p. :
_bill. ;
_c25 cm.
490 1 _aIssues in subject teaching series
504 _aIncludes bibliographical references and indexes.
650 0 _aEducational technology.
_913282
650 0 _aInformation technology.
_95622
650 0 _aComputer-assisted instruction.
_913542
650 0 _aInternet in education.
_913543
700 1 _aLeask, Marilyn,
_d1950-
_913544
830 0 _aIssues in subject teaching.
_913545
906 _a7
_bcbc
_corignew
_d1
_eocip
_f20
_gy-gencatlg
942 _2ddc
_cO_SHELF